Felid Species - Statistics

General Stats
  • This quiz has been taken 327 times
  • The average score is 25 of 41
Answer Stats
Subfamily Genus Species Common name % Correct
Leo Lion
98%
Tigris Tiger
98%
Puma Concolor Cougar
97%
Panthera Pardus Leopard
97%
Prionailurus Bengalensis Leopard cat
97%
Onca Jaguar
95%
Felis Catus Domestic cat
92%
Caracal Caracal Caracal
90%
Uncia Snow leopard
89%
Felinae Acinonyx Jubatus Cheetah
88%
Rufus Bobcat
84%
Leptailurus Serval Serval
83%
Leopardus Pardalis Ocelot
78%
Pantherinae Neofelis Nebulosa Clouded leopard
73%
Lynx Lynx Eurasian lynx
70%
Otocolobus Manul Pallas's cat
69%
Canadensis Canada lynx
66%
Pardinus Iberian lynx
64%
Herpailurus Yagouaroundi Jaguarundi
62%
Viverrinus Fishing cat
59%
Margarita Sand cat
59%
Lybica African wildcat
58%
Silvestris European wildcat
53%
Nigripes Black-footed cat
50%
Wiedii Margay
46%
Chaus Jungle cat
44%
Diardi Sunda clouded leopard
44%
Geoffroyi Geoffroy's cat
42%
Aurata African golden cat
41%
Catopuma Temminckii Asian golden cat
41%
Colocolo Pampas cat
39%
Rubiginosus Rusty-spotted cat
35%
Badia Bay cat
33%
Pardofelis Marmorata Marbled cat
33%
Bieti Chinese mountain cat
31%
Planiceps Flat-headed cat
31%
Guigna Kodkod
31%
Tigrinus Oncilla
31%
Jacobitus Andean mountain cat
27%
Javanensis Sunda leopard cat
26%
Guttulus Southern tiger cat
23%
No matching quizzes found
Score Distribution
Percent of People with Each Score
Percentile by Number Answered
Your Score History
You have not taken this quiz